Basic Television Pranciples & Serving (Record no. 3896)

MARC details
000 -LEADER
fixed length control field 00524nam a2200253Ia 4500
001 - CONTROL NUMBER
control field 066034
003 - CONTROL NUMBER IDENTIFIER
control field YMCAF
005 - DATE AND TIME OF LATEST TRANSACTION
control field 20230512160341.0
008 - FIXED-LENGTH DATA ELEMENTS--GENERAL INFORMATION
fixed length control field 100717s1975 ||||||||||||||||| ||und|d
020 ## - INTERNATIONAL STANDARD BOOK NUMBER
International Standard Book Number -
024 ## - OTHER STANDARD IDENTIFIER
Standard number or code 66034
035 ## - SYSTEM CONTROL NUMBER
System control number 5497
040 ## - CATALOGING SOURCE
Original cataloging agency YMCAF
Language of cataloging eng
Transcribing agency IN-KoLT
041 ## - LANGUAGE CODE
Language code of text/sound track or separate title eng
082 ## - DEWEY DECIMAL CLASSIFICATION NUMBER
Classification number 621.388
Item number GRO
100 ## - MAIN ENTRY--PERSONAL NAME
Personal name Grob, Bernard
245 #0 - TITLE STATEMENT
Title Basic Television Pranciples & Serving
250 ## - EDITION STATEMENT
Edition statement -
260 ## - PUBLICATION, DISTRIBUTION, ETC.
Name of publisher, distributor, etc. -
Date of publication, distribution, etc. 1975
300 ## - PHYSICAL DESCRIPTION
Extent 732
653 ## - INDEX TERM--UNCONTROLLED
Uncontrolled term -
653 ## - INDEX TERM--UNCONTROLLED
Uncontrolled term -
942 ## - ADDED ENTRY ELEMENTS (KOHA)
Source of classification or shelving scheme Dewey Decimal Classification
Koha item type Books
Holdings
Withdrawn status Lost status Damaged status Not for loan Home library Current library Date acquired Cost, normal purchase price Total Checkouts Barcode Date last seen Cost, replacement price Price effective from Koha item type Public note G
        JC Bose University of Science & Technology JC Bose University of Science & Technology 17/07/2010 0.95   5503 12/05/2023 0.95 12/05/2023 Books C 44/6/T
  Lost     JC Bose University of Science & Technology JC Bose University of Science & Technology 17/07/2010 0.95   5497 12/05/2023 0.95 12/05/2023 Books C 44/6/T
  Lost     JC Bose University of Science & Technology JC Bose University of Science & Technology 17/07/2010 0.95   5498 12/05/2023 0.95 12/05/2023 Books C 44/6/T
  Lost     JC Bose University of Science & Technology JC Bose University of Science & Technology 17/07/2010 0.95   5499 12/05/2023 0.95 12/05/2023 Books C 44/6/T
  Lost     JC Bose University of Science & Technology JC Bose University of Science & Technology 17/07/2010 0.95   5500 12/05/2023 0.95 12/05/2023 Books C 44/6/T
  Lost     JC Bose University of Science & Technology JC Bose University of Science & Technology 17/07/2010 0.95   5501 12/05/2023 0.95 12/05/2023 Books C 44/6/T
  Lost     JC Bose University of Science & Technology JC Bose University of Science & Technology 17/07/2010 0.95   5502 12/05/2023 0.95 12/05/2023 Books C 44/6/T